| 000 | 00770nam a2200205 a 4500 | ||
|---|---|---|---|
| 001 | BRCA_717 | ||
| 005 | 20190320203123.0 | ||
| 008 | 970825s1989 mx-a---##b---#000-0#spa-d | ||
| 050 | 4 |
_aND250 _b.E86 1989 |
|
| 100 | 1 |
_aEspejo, Beatriz _92355 |
|
| 245 | 1 | 0 |
_aHistoria de la pintura mexicana _ctexto Beatriz Espejo ; prólogos Rufino Tamayo ... [et al.]. |
| 260 |
_aMéxico _bComermex : Armonía _c1989 |
||
| 300 |
_a3 v. _bil. (algunas a color) _c28 cm. |
||
| 500 | _aIncluye índice de ilustraciones | ||
| 504 | _aBibliografía: p. 251-254 (v.3) | ||
| 505 | 0 | _aContenido: v.1. Época prehispánica. -- v.2. Principios del siglo XIX. -- v.3. Pintura contemporánea | |
| 650 | 1 | 4 |
_aPintura mexicana _xHistoria _92356 |
| 700 | 1 |
_aTamayo, Rufino _d1899- _92357 |
|
| 942 |
_2lcc _cB |
||
| 999 |
_c618 _d618 |
||